Man's need and God's action. (Record no. 1962)

MARC details
000 -LEADER
fixed length control field 00703cam a22002411 4500
001 - CONTROL NUMBER
control field 6040679
003 - CONTROL NUMBER IDENTIFIER
control field GBCCL
005 - DATE AND TIME OF LATEST TRANSACTION
control field 20241126110414.0
008 - FIXED-LENGTH DATA ELEMENTS--GENERAL INFORMATION
fixed length control field 721117s1953 xx 000 0 eng
010 ## -
-- 53013368
035 ## - SYSTEM CONTROL NUMBER
System control number (OCoLC)497717
040 ## - CATALOGING SOURCE
Original cataloging agency DLC
Transcribing agency OKentU
Modifying agency DLC
042 ## -
-- premarc
050 00 -
-- BR121
-- .H68
082 ## - DEWEY DECIMAL CLASSIFICATION NUMBER
Classification number 231.7
Item number HOW
100 1# - MAIN ENTRY--PERSONAL NAME
Personal name Howe, Reuel L.,
Dates associated with a name 1905-
9 (RLIN) 4053
245 10 - TITLE STATEMENT
Title Man's need and God's action.
Statement of responsibility, etc. Foreword by Theodore O. Wedel.
260 ## - PUBLICATION, DISTRIBUTION, ETC.
Place of publication, distribution, etc. Greenwich, Conn.,
Name of publisher, distributor, etc. Seabury Press,
Date of publication, distribution, etc. 1970, c1953.
300 ## - PHYSICAL DESCRIPTION
Extent 159 p.
Dimensions 22 cm.
650 #0 - SUBJECT ADDED ENTRY--TOPICAL TERM
Topical term or geographic name entry element Christianity
General subdivision Essence, genius, nature.
9 (RLIN) 1099
906 ## - LOCAL DATA ELEMENT F, LDF (RLIN)
a 7
b cbc
c oclcrpl
d u
e ncip
f 19
g y-gencatlg
942 ## - ADDED ENTRY ELEMENTS (KOHA)
Source of classification or shelving scheme Dewey Decimal Classification
Koha item type Books
Holdings
Withdrawn status Lost status Source of classification or shelving scheme Damaged status Not for loan Home library Current Library Shelving location Date acquired Total checkouts Full call number Barcode Date last seen Copy number Price effective from Koha item type
    Dewey Decimal Classification     GRACE BIBLE COLLEGE GRACE BIBLE COLLEGE Theology 2017-06-05   231.7 HOW 004518 2025-05-01 c.1 2017-06-05 Books
© Grace Bible College Library 2025